Vainqueures d'étapes du Tour de France Femmes - Statistiques

Statistiques générales
  • Ce quiz a été pris 15 fois
  • Le résultat moyen est 11 sur 20
Statistiques - réponses
Nombre de victoire Coureure Année(s) % Correct
2 Pauline Ferrand-Prevot 2025
100%
3 Demi Vollering 2023, 2024
86%
1 Lotte Kopecky 2023
86%
2 Annemiek van Vleuten 2022
71%
3 Marianne Vos 2022, 2025
71%
5 Lorena Wiebes 2022, 2023, 2025
64%
2 Maëva Squiban 2025
64%
1 Puck Pieterse 2024
57%
1 Cédrine Kerbaol 2024
50%
2 Marlene Reusser 2022, 2023
50%
2 Charlotte Kool 2024
43%
1 Kim Le Court 2025
43%
1 Mavi Garcia 2025
43%
1 Blanka Vas 2024
36%
1 Liane Lippert 2023
36%
1 Ricarda Bauernfeind 2023
36%
1 Yara Kastelijn 2023
36%
1 Cecilie Ludwig 2022
29%
1 Emma Norsgaard 2023
29%
1 Justine Ghekiere 2024
29%
Aucun quiz correspondant
Distribution des résultats
% des personnes avec chaque résultat
Percentile par nombre de réponses
Votre historique - résultats
Vous n’avez pas pris ce quiz